000 00422nam a2200181Ia 4500
001 13193
005 20260306163035.0
008 260306t2012||||xx |||||||||||||| ||spa||
041 _aESP
082 _a001.42
_bB38
100 _aBeltrán Sánchez, Emilio
_eAUT
245 0 _aHaciendo una tesis
260 _c2012
300 _a158 páginas :
_c21 cm.
650 _aGEN
654 _aCHU
942 _cLIB
_dJUS
_fJUS
_2ddc
_n
999 _c13193
_d13193